Standards and Regulation Board Risk outlook 2024 (Record no. 122087)

MARC details
000 -LEADER
fixed length control field 01281nam a22001697a 4500
008 - FIXED-LENGTH DATA ELEMENTS--GENERAL INFORMATION
fixed length control field 250109t2024 xxk|||||o|||| 00| 0 eng d
041 ## - LANGUAGE CODE
Language code of text/sound track or separate title eng
110 ## - MAIN ENTRY--CORPORATE NAME
Corporate author Royal Institution of Chartered Surveyors
245 ## - TITLE STATEMENT
Title Standards and Regulation Board Risk outlook 2024
Medium [Electronic resource]
260 ## - PUBLICATION INFORMATION
Place of publication London,
Publisher Royal Institution of Chartered Surveyors,
Date July 2024
300 ## - PHYSICAL DESCRIPTION
Physical description 22p.
520 ## - ABSTRACT
Abstract This report:<br/>• summarises major areas of risk to <br/>the profession that the SRB is actively <br/>monitoring, and that relate to the work <br/>RICS members and regulated firms <br/>undertake<br/>• provides an update on what RICS as <br/>a regulatory body is doing to support <br/>members and firms to mitigate these risks<br/>• outlines links to helpful resources and <br/>content for firms, members and the public <br/>when considering these risks<br/>• briefly highlights areas where we consider <br/>RICS members and firms should focus their <br/>attention and priorities over the coming <br/>year<br/>With foreword by Nigel Clarke, Chair, RICS Standards and Regulation Board
651 ## - SUBJECT ADDED ENTRY--GEOGRAPHIC NAME
Geographic name International
710 ## - ADDED CORPORATE NAME
Added corporate author Royal Institution of Chartered Surveyors
856 ## - ONLINE RESOURCE
Uniform Resource Identifier <a href="https://www.rics.org/content/dam/ricsglobal/documents/about-rics/SRB-Risk-outlook-report-2024.pdf">https://www.rics.org/content/dam/ricsglobal/documents/about-rics/SRB-Risk-outlook-report-2024.pdf</a>
Public note Available free on RICS.org
942 ## - ADDED ENTRY ELEMENTS (KOHA)
Suppress in OPAC Do not suppress in OPAC
Holdings
Lost status Damaged status Not for loan Current library Shelving location Date acquired Total Checkouts Full call number Date last seen Price effective from Koha item type
      Virtual Online 09/01/2025   ONLINE PUBLICATION 09/01/2025 09/01/2025 Online material